000 00906nam a2200265Ia 4500
003 OSt
005 20220925215159.0
006 a|||||r|||| 00| 0
007 ta
008 220923b |||||||| |||| 00| 0 eng d
037 _cGeneral Book
040 _aRTL
_cRTL
_beng
041 _2eng
_aeng
082 _aX:93-8, M0
100 _aBlackaby Frank T Ed.
_9282328
110 _aPolicy study institute; Royal institute of international affairs
_9282329
245 0 _aFuture of pay bargaining
260 _aLondon
_bHeinemann
_c1980
300 _a238p. Bib chapterwise
_ccm.
490 _aNational institute of economic and social research, joint studies in public policy, 2
650 _aWages
_9229845
700 _aPolicy study institute; Royal institute of international affairs
_9282330
942 _hX:93-8, M0
_cGB
_2CC
999 _c568117
_d568117